000 00871nam a2200217Ia 4500
003 GCL
008 140319s9999 xx 000 0 ara d
040 _aGCL /
_cGCL
082 0 4 _a229.5
_bا ق
100 1 _aابن كثير القرشى : عماد الدين ابوالفداء اسماعيل بن عمر بن كثير بن ضوء البصرى الدمشقى
245 1 0 _aقصص الانبياء /
_cابن كثير القرشى : عماد الدين ابوالفداء اسماعيل بن عمر بن كثير بن ضوء البصرى الدمشقى
260 _a[S.N] :
_bمطبعة الارشاد ،
_c1990
300 _a607 ص
490 _a
650 0 4 _aالانبياء
650 0 4 _aقصص الانبياء
650 0 4 _aالقصص الدينية
650 0 4 _aالانبياء فى القرأن
650 0 4 _aقصص القران
942 _2ddc
_cBK
999 _c28103
_d28103